[Event "19. Open de Sants Hostafrancs 2017"]
[Site "Barcelona ESP"]
[Date "2017.08.20"]
[Round "3.13"]
[White "Dobrov, Vladimir"]
[Black "Lemeaux, David"]
[Result "1-0"]
[WhiteElo "2510"]
[BlackElo "2339"]
[PlyCount "59"]
[EventDate "2017.08.18"]
[EventType "swiss"]
[EventRounds "10"]
[EventCountry "ESP"]
[SourceTitle "Ajedrez en Madrid"]
[Source "lmi"]
[SourceDate "2017.08.18"]

1. d4 Nf6 2. c4 e6 3. Nf3 d5 4. g3 dxc4 5. Bg2 Nc6 6. O-O Rb8 7. Nc3 b5 8. e4
Be7 9. d5 Na5 10. Nd4 exd5 11. Ndxb5 Bd7 12. e5 Bxb5 13. exf6 Bxf6 14. Re1+ Kf8
15. Nxd5 Bc6 16. Nxf6 Qxf6 17. Bd2 Bxg2 18. Kxg2 Qc6+ 19. Kg1 Nb7 20. Bc3 f6
21. Qh5 Nc5 22. Re3 Nd3 23. Rd1 Rb5 24. Qe2 g6 25. b3 Ne5 26. Rxe5 Rxe5 27.
Bxe5 Qe8 28. Qxc4 Qxe5 29. Rd7 Qe8 30. Qc5+ 1-0

[Event "19. Open de Sants Hostafrancs 2017"]
[Site "Barcelona ESP"]
[Date "2017.08.20"]
[Round "3.14"]
[White "Pogorelov, Ruslan"]
[Black "Ferreira, Jorge Viterbo"]
[Result "1/2-1/2"]
[WhiteElo "2348"]
[BlackElo "2499"]
[PlyCount "147"]
[EventDate "2017.08.18"]
[EventType "swiss"]
[EventRounds "10"]
[EventCountry "ESP"]
[SourceTitle "Ajedrez en Madrid"]
[Source "lmi"]
[SourceDate "2017.08.18"]

1. Nf3 Nf6 2. c4 e6 3. Nc3 Bb4 4. Qc2 c5 5. a3 Ba5 6. g3 Nc6 7. Bg2 O-O 8. O-O
d6 9. d3 h6 10. Rb1 e5 11. e3 Be6 12. Na2 Qd7 13. b4 Bd8 14. Re1 Bh3 15. Bh1
Ng4 16. Nc3 f5 17. Nd5 Rc8 18. bxc5 dxc5 19. Bb2 b6 20. Bg2 Bxg2 21. Kxg2 Qe8
22. Nd2 Qf7 23. f4 Nf6 24. Qb3 Re8 25. Nf3 e4 26. Ne5 Qe6 27. Nxf6+ Bxf6 28.
dxe4 Nxe5 29. fxe5 Bxe5 30. exf5 Qxf5 31. e4 Qg6 32. Qf3 Rcd8 33. Re2 Bxb2 34.
Rbxb2 Rd4 35. e5 Rf8 36. Qe3 Qc6+ 37. Kg1 Qe6 38. Rbc2 Rd1+ 39. Re1 Rf3 40.
Qxf3 Rxe1+ 41. Kg2 Qxe5 42. Rd2 Qe4 43. Rd8+ Kh7 44. Qxe4+ Rxe4 45. Rd7 Rxc4
46. Rxa7 Rc2+ 47. Kh3 Rf2 48. a4 Rf6 49. Rc7 Kg6 50. Kh4 Re6 51. Kg4 Kf6 52. h4
Re4+ 53. Kf3 Rxa4 54. Rc6+ Ke5 55. Rxb6 Ra7 56. Ke3 Kd5 57. Rg6 Kc4 58. Kd2
Ra2+ 59. Ke3 Ra7 60. Kd2 Kd4 61. g4 Ra2+ 62. Kc1 Kc3 63. Kb1 Rb2+ 64. Ka1 Rh2
65. Kb1 Rb2+ 66. Kc1 Rf2 67. Kb1 Rf1+ 68. Ka2 Rf7 69. Kb1 c4 70. h5 Kd2 71.
Rd6+ Ke3 72. Kc2 Kf3 73. Rg6 Rf4 74. Kd2 1/2-1/2

[Event "19. Open de Sants Hostafrancs 2017"]
[Site "Barcelona ESP"]
[Date "2017.08.20"]
[Round "3.15"]
[White "Morales, Jhon Alexander"]
[Black "Hertneck, Gerald"]
[Result "0-1"]
[WhiteElo "2343"]
[BlackElo "2498"]
[PlyCount "68"]
[EventDate "2017.08.18"]
[EventType "swiss"]
[EventRounds "10"]
[EventCountry "ESP"]
[SourceTitle "Ajedrez en Madrid"]
[Source "lmi"]
[SourceDate "2017.08.18"]

1. e4 e6 2. d4 d5 3. Nc3 Bb4 4. e5 c5 5. a3 Bxc3+ 6. bxc3 Qa5 7. Bd2 Qa4 8. Qg4
Kf8 9. Nf3 Nc6 10. Qf4 Qxc2 11. dxc5 Nge7 12. Be2 Ng6 13. Qe3 Qe4 14. Qxe4 dxe4
15. Ng5 Ncxe5 16. Nxe4 Bd7 17. O-O Bc6 18. Nd6 Nd7 19. Be3 Nh4 20. Rab1 Nxg2
21. Bb5 Nxe3 22. fxe3 f6 23. Bxc6 bxc6 24. Rb7 Nxc5 25. Rf7+ Kg8 26. Rc7 h5 27.
Kh1 Kh7 28. Rg1 Rhg8 29. Rxc6 Nd3 30. c4 Rad8 31. c5 Nf2+ 32. Kg2 Ng4 33. e4
Rb8 34. h4 Rb2+ 0-1

[Event "19. Open de Sants Hostafrancs 2017"]
[Site "Barcelona ESP"]
[Date "2017.08.20"]
[Round "3.16"]
[White "Munoz, Miguel"]
[Black "Escalante Ramirez, Brian Sebas"]
[Result "1-0"]
[WhiteElo "2497"]
[BlackElo "2326"]
[PlyCount "61"]
[EventDate "2017.08.18"]
[EventType "swiss"]
[EventRounds "10"]
[EventCountry "ESP"]
[SourceTitle "Ajedrez en Madrid"]
[Source "lmi"]
[SourceDate "2017.08.18"]

1. e4 e6 2. d4 d5 3. Nd2 Be7 4. Bd3 c5 5. dxc5 Nf6 6. Qe2 O-O 7. Ngf3 a5 8. a4
Na6 9. Bxa6 Rxa6 10. O-O Bxc5 11. e5 Nd7 12. Nb3 b6 13. Bg5 Be7 14. Bxe7 Qxe7
15. Nfd4 Ra8 16. Qe3 Ba6 17. Rfe1 Rac8 18. f4 Nc5 19. Nd2 Qd7 20. b3 Rc7 21.
Rad1 Rfc8 22. Qh3 Rd8 23. Qh4 Rdc8 24. Re3 Qe7 25. Qg4 g6 26. f5 exf5 27. Nxf5
Qe6 28. Nh6+ Kg7 29. Qf4 Re8 30. Ng4 Nd7 31. Nf3 1-0

[Event "19. Open de Sants Hostafrancs 2017"]
[Site "Barcelona ESP"]
[Date "2017.08.20"]
[Round "3.17"]
[White "Colon Garcia, Enrique"]
[Black "Salomon, Johan"]
[Result "0-1"]
[WhiteElo "2342"]
[BlackElo "2488"]
[PlyCount "62"]
[EventDate "2017.08.18"]
[EventType "swiss"]
[EventRounds "10"]
[EventCountry "ESP"]
[SourceTitle "Ajedrez en Madrid"]
[Source "lmi"]
[SourceDate "2017.08.18"]

1. e4 c5 2. Nf3 d6 3. d4 cxd4 4. Qxd4 Nf6 5. Nc3 Bd7 6. Bc4 Nc6 7. Qd3 g6 8.
Bb3 Bg7 9. O-O O-O 10. Bg5 Na5 11. Rfe1 Nxb3 12. axb3 Bg4 13. Nd5 Nxd5 14. exd5
Re8 15. Ra4 Bf5 16. Qd2 Qd7 17. Be3 b5 18. Ra5 Qb7 19. Bd4 Qxd5 20. c4 Qc6 21.
Bxg7 Kxg7 22. Nd4 Qc8 23. Nxb5 a6 24. Nd4 Bd7 25. h4 h6 26. h5 e5 27. Nc2 Bc6
28. Qxd6 Bxg2 29. Raxe5 Qh3 30. f4 Red8 31. Qc5 Bf3 0-1

[Event "19. Open de Sants Hostafrancs 2017"]
[Site "Barcelona ESP"]
[Date "2017.08.20"]
[Round "3.18"]
[White "Praggnanandhaa, R."]
[Black "Mingarro Carceller, Sergi"]
[Result "1-0"]
[WhiteElo "2487"]
[BlackElo "2319"]
[PlyCount "57"]
[EventDate "2017.08.18"]
[EventType "swiss"]
[EventRounds "10"]
[EventCountry "ESP"]
[SourceTitle "Ajedrez en Madrid"]
[Source "lmi"]
[SourceDate "2017.08.18"]

1. e4 e5 2. Nf3 Nc6 3. Bc4 Bc5 4. c3 Nf6 5. d3 a6 6. Bb3 Ba7 7. O-O d6 8. Nbd2
O-O 9. h3 h6 10. Re1 Re8 11. Nf1 Be6 12. Bc2 d5 13. exd5 Bxd5 14. Ng3 Qd7 15.
Be3 Bxe3 16. Rxe3 Rad8 17. Qe2 Qd6 18. Re1 Nd7 19. d4 Bxf3 20. Qxf3 Rf8 21. Nf5
Qf6 22. Qe4 Rfe8 23. d5 Na7 24. Rg3 g5 25. h4 Nc8 26. hxg5 hxg5 27. Qh4 Nd6 28.
Rxg5+ Kf8 29. Ng7 1-0

[Event "19. Open de Sants Hostafrancs 2017"]
[Site "Barcelona ESP"]
[Date "2017.08.20"]
[Round "3.19"]
[White "Brink, Barry"]
[Black "Mons, Leon"]
[Result "0-1"]
[WhiteElo "2339"]
[BlackElo "2483"]
[PlyCount "94"]
[EventDate "2017.08.18"]
[EventType "swiss"]
[EventRounds "10"]
[EventCountry "ESP"]
[SourceTitle "Ajedrez en Madrid"]
[Source "lmi"]
[SourceDate "2017.08.18"]

1. d4 Nf6 2. c4 e6 3. Nc3 Bb4 4. e3 O-O 5. Bd3 c5 6. Nf3 d5 7. O-O cxd4 8. exd4
dxc4 9. Bxc4 b6 10. Bg5 Bb7 11. Rc1 Nc6 12. a3 Be7 13. Ba2 Rc8 14. Qd3 h6 15.
Be3 Bd6 16. Bb1 Ne7 17. Nd2 Nf5 18. Nde4 Ng4 19. h3 Bh2+ 20. Kh1 Bb8 21. Ne2
Qh4 22. Kg1 Bh2+ 23. Kh1 Bb8 24. Kg1 g6 25. Rxc8 Bh2+ 26. Kh1 Rxc8 27. N2c3
Ngxe3 28. fxe3 Bd6 29. Kg1 Bb8 30. d5 Rd8 31. Ba2 Qe7 32. g4 exd5 33. Nxd5 Bxd5
34. Bxd5 Rxd5 35. Qxd5 Nxe3 36. Qd4 Nxf1 37. Nf6+ Kh8 38. Nd7+ f6 39. Kxf1 Bd6
40. Qa4 Bg3 41. Kg2 Qe3 42. Qc2 Kg7 43. a4 Bd6 44. Qc6 Qg3+ 45. Kf1 Qxh3+ 46.
Ke1 Qe3+ 47. Kd1 Qd3+ 0-1

[Event "19. Open de Sants Hostafrancs 2017"]
[Site "Barcelona ESP"]
[Date "2017.08.20"]
[Round "3.20"]
[White "Firat, Burak"]
[Black "Karthik, Venkataraman"]
[Result "0-1"]
[WhiteElo "2482"]
[BlackElo "2316"]
[PlyCount "80"]
[EventDate "2017.08.18"]
[EventType "swiss"]
[EventRounds "10"]
[EventCountry "ESP"]
[SourceTitle "Ajedrez en Madrid"]
[Source "lmi"]
[SourceDate "2017.08.18"]

1. d4 Nf6 2. c4 e6 3. Nf3 Bb4+ 4. Bd2 Qe7 5. g3 Nc6 6. Bg2 Bxd2+ 7. Nbxd2 O-O
8. O-O d6 9. e4 e5 10. d5 Nb8 11. Ne1 a5 12. Nd3 Na6 13. a3 c6 14. Rc1 Bg4 15.
f3 Bd7 16. Re1 a4 17. Bf1 Rfe8 18. Nb1 h5 19. Nc3 cxd5 20. cxd5 h4 21. Qd2 Nh5
22. g4 Nf6 23. h3 Nh7 24. f4 exf4 25. e5 dxe5 26. Nxe5 Red8 27. Qxf4 Be8 28.
Rcd1 Qd6 29. Ne4 Qb6+ 30. Kh1 f6 31. Nc4 Qa7 32. Ne3 Nc5 33. Nd6 Qb8 34. Nef5
Ng5 35. Qf2 Rxd6 36. Qxc5 Rd8 37. d6 b6 38. Qc7 Bd7 39. Re7 Qxc7 40. dxc7 Bc6+
0-1

[Event "19. Open de Sants Hostafrancs 2017"]
[Site "Barcelona ESP"]
[Date "2017.08.20"]
[Round "3.21"]
[White "Vidarte Morales, Arturo"]
[Black "Moroni, Luca Jr"]
[Result "1/2-1/2"]
[WhiteElo "2328"]
[BlackElo "2476"]
[PlyCount "60"]
[EventDate "2017.08.18"]
[EventType "swiss"]
[EventRounds "10"]
[EventCountry "ESP"]
[SourceTitle "Ajedrez en Madrid"]
[Source "lmi"]
[SourceDate "2017.08.18"]

1. g3 d5 2. Bg2 Nf6 3. Nf3 e6 4. O-O c5 5. c4 d4 6. e3 Nc6 7. exd4 cxd4 8. d3
Bd6 9. Na3 O-O 10. Re1 Re8 11. Nc2 e5 12. Rb1 a5 13. a3 h6 14. b4 Qc7 15. Nd2
Bg4 16. Bf3 e4 17. dxe4 Bxf3 18. Nxf3 Nxe4 19. Bb2 axb4 20. axb4 Nxb4 21. Nxb4
Bxb4 22. Qxd4 Nf6 23. Rxe8+ Rxe8 24. Qf4 Bd6 25. Qf5 Be7 26. Qb5 Rc8 27. Be5
Qxc4 28. Qxc4 Rxc4 29. Rxb7 Bc5 30. Bxf6 gxf6 1/2-1/2

[Event "19. Open de Sants Hostafrancs 2017"]
[Site "Barcelona ESP"]
[Date "2017.08.20"]
[Round "3.22"]
[White "Brunner, Nicolas"]
[Black "Buendia Pinar, Alvaro"]
[Result "1/2-1/2"]
[WhiteElo "2472"]
[BlackElo "2307"]
[PlyCount "53"]
[EventDate "2017.08.18"]
[EventType "swiss"]
[EventRounds "10"]
[EventCountry "ESP"]
[SourceTitle "Ajedrez en Madrid"]
[Source "lmi"]
[SourceDate "2017.08.18"]

1. d4 Nf6 2. c4 e6 3. Nf3 d5 4. Nc3 dxc4 5. e4 Bb4 6. Bg5 c5 7. Bxc4 cxd4 8.
Nxd4 Bxc3+ 9. bxc3 Qa5 10. Bb5+ Nbd7 11. Bxf6 gxf6 12. O-O a6 13. Bxd7+ Bxd7
14. Qf3 Ke7 15. Rab1 Rab8 16. Qe3 Rhc8 17. Rfc1 Qc5 18. c4 Rc7 19. Kh1 Rbc8 20.
f4 b5 21. e5 f5 22. Qf2 bxc4 23. Qh4+ Ke8 24. Qxh7 Qxd4 25. Qh8+ Ke7 26. Qf6+
Ke8 27. Qh8+ 1/2-1/2

[Event "19. Open de Sants Hostafrancs 2017"]
[Site "Barcelona ESP"]
[Date "2017.08.20"]
[Round "3.23"]
[White "Gonzalez Acosta, Bernal"]
[Black "Lopez Mulet, Inigo"]
[Result "0-1"]
[WhiteElo "2467"]
[BlackElo "2305"]
[PlyCount "132"]
[EventDate "2017.08.18"]
[EventType "swiss"]
[EventRounds "10"]
[EventCountry "ESP"]
[SourceTitle "Ajedrez en Madrid"]
[Source "lmi"]
[SourceDate "2017.08.18"]

1. d4 Nf6 2. c4 c5 3. d5 b5 4. Nf3 Bb7 5. Qc2 e6 6. e4 bxc4 7. Bxc4 exd5 8.
exd5 Bxd5 9. Bxd5 Nxd5 10. O-O Be7 11. Rd1 Nc7 12. Nc3 O-O 13. Be3 Ne6 14. Ne5
Nd4 15. Bxd4 cxd4 16. Rxd4 Bf6 17. Rd5 Qc7 18. Qf5 Bxe5 19. Qxe5 Qb7 20. Rb5
Qa6 21. Rd1 Nc6 22. Qf4 Rae8 23. Rbd5 Qb7 24. b3 Re7 25. h3 Rfe8 26. Kh2 Ne5
27. Nb5 Ng6 28. Qg3 Rd8 29. Nd6 Qc6 30. f4 f6 31. h4 Kh8 32. h5 Nf8 33. Nf5 Rf7
34. Qe3 Ne6 35. Rd6 Qc5 36. Qxc5 Nxc5 37. Re1 g6 38. Nh6 Rff8 39. Rd5 Kg7 40.
Nf5+ gxf5 41. Rxc5 d5 42. Rd1 d4 43. Rd3 Rfe8 44. Rc7+ Kh6 45. Rxa7 Re2 46. Rg3
d3 47. Rgg7 Rh8 48. Rgd7 d2 49. Kh3 Re7 50. Rxe7 d1=Q 51. Kh2 Qxh5+ 52. Kg1 Qg6
53. Re3 Qg4 54. Rh3+ Kg6 55. Kh2 Qxf4+ 56. Rg3+ Kh5 57. Ra4 Qc7 58. Kh3 f4 59.
Rg4 Qc3+ 60. g3 Qf3 61. Ra5+ Kh6 62. Rh4+ Kg6 63. Rg4+ Kf7 64. Ra7+ Ke6 65.
Ra6+ Kd5 66. Ra5+ Kc6 0-1

[Event "19. Open de Sants Hostafrancs 2017"]
[Site "Barcelona ESP"]
[Date "2017.08.20"]
[Round "3.24"]
[White "Mordechai, Hanan"]
[Black "Neef, Maximilian"]
[Result "0-1"]
[WhiteElo "2326"]
[BlackElo "2451"]
[PlyCount "134"]
[EventDate "2017.08.18"]
[EventType "swiss"]
[EventRounds "10"]
[EventCountry "ESP"]
[SourceTitle "Ajedrez en Madrid"]
[Source "lmi"]
[SourceDate "2017.08.18"]

1. e4 e6 2. d4 d5 3. Nd2 c5 4. exd5 exd5 5. Ngf3 a6 6. Be2 Nf6 7. O-O Be7 8.
dxc5 Bxc5 9. Nb3 Ba7 10. Bg5 O-O 11. a4 Nc6 12. a5 Re8 13. Ra4 Qd6 14. Bf4 Qf8
15. Bd3 Bd7 16. Ra3 h6 17. c3 Bg4 18. h3 Bh5 19. g4 Bg6 20. Bxg6 fxg6 21. Bh2
Rad8 22. Nbd4 Ne4 23. Kg2 Qf6 24. Nxc6 bxc6 25. Bc7 Rd7 26. Bb6 Bb8 27. c4 Qxb2
28. Rb3 Qf6 29. cxd5 cxd5 30. Bd4 Qf4 31. Qc1 Qf8 32. Rb6 Rd6 33. Rb7 Re7 34.
Rxe7 Qxe7 35. Qc8+ Rd8 36. Qxa6 Qf7 37. Qd3 h5 38. gxh5 gxh5 39. Kh1 Qf5 40.
Ne1 Qf4 41. Nf3 Ng5 42. Qe3 Qxf3+ 43. Qxf3 Nxf3 44. Bb6 Rd7 45. Rd1 Kf7 46. a6
Ne5 47. Kg2 Nc6 48. Kf3 Nb4 49. Ra1 Ba7 50. Bxa7 Rxa7 51. Ra4 Nxa6 52. Ra5 g6
53. Rxd5 Rc7 54. Rd6 Nc5 55. Kf4 Ne6+ 56. Kg3 Kf6 57. Rd3 Rc4 58. Rf3+ Ke5 59.
Re3+ Kf5 60. Ra3 g5 61. Ra5+ Rc5 62. Ra3 h4+ 63. Kh2 Nf4 64. Rb3 Rd5 65. Rb8
Rd2 66. Kg1 Nxh3+ 67. Kh1 Nxf2+ 0-1

[Event "19. Open de Sants Hostafrancs 2017"]
[Site "Barcelona ESP"]
[Date "2017.08.20"]
[Round "3.25"]
[White "Ahmed, Sk. Nasir"]
[Black "Goh, Wei Ming Kevin"]
[Result "0-1"]
[WhiteElo "2311"]
[BlackElo "2446"]
[PlyCount "94"]
[EventDate "2017.08.18"]
[EventType "swiss"]
[EventRounds "10"]
[EventCountry "ESP"]
[SourceTitle "Ajedrez en Madrid"]
[Source "lmi"]
[SourceDate "2017.08.18"]

1. c4 e6 2. g3 Nf6 3. Bg2 d5 4. Nf3 d4 5. O-O c5 6. d3 Nc6 7. e3 h6 8. exd4
cxd4 9. Na3 Bd6 10. Nc2 e5 11. Rb1 a5 12. b3 O-O 13. a3 Bg4 14. b4 Qd7 15. Bd2
Rfe8 16. bxa5 Qf5 17. Bb4 Bc7 18. Nce1 e4 19. dxe4 Nxe4 20. Qd3 Qd7 21. Qb3
Bxa5 22. Rb2 Nc3 23. Rd2 Qf5 24. Kh1 Ne4 25. Rb2 Qf6 26. h3 Bh5 27. Nh2 Nc3 28.
Nef3 Bg6 29. Rd2 Ne4 30. Rdd1 Bb6 31. Ng4 Qd8 32. c5 h5 33. cxb6 hxg4 34. hxg4
Qxb6 35. Nh4 Bh7 36. Nf5 Rad8 37. Qb2 Bxf5 38. gxf5 Qb5 39. g4 d3 40. Bc3 Qa4
41. Bxg7 d2 42. Bh6 Nxf2+ 43. Kg1 Qxg4 44. Rxd2 Rxd2 45. Qxd2 Nh3+ 46. Kh1 Re2
47. Bf3 Nf2+ 0-1

[Event "19. Open de Sants Hostafrancs 2017"]
[Site "Barcelona ESP"]
[Date "2017.08.20"]
[Round "3.26"]
[White "Sturt, Raven M"]
[Black "Mouhamad, Joachin"]
[Result "1-0"]
[WhiteElo "2444"]
[BlackElo "2295"]
[PlyCount "79"]
[EventDate "2017.08.18"]
[EventType "swiss"]
[EventRounds "10"]
[EventCountry "ESP"]
[SourceTitle "Ajedrez en Madrid"]
[Source "lmi"]
[SourceDate "2017.08.18"]

1. d4 d5 2. Nf3 e6 3. g3 Nf6 4. Bg2 c6 5. O-O Nbd7 6. Nbd2 Bd6 7. c4 O-O 8. Qc2
h6 9. b3 Re8 10. Bb2 e5 11. cxd5 Nxd5 12. Nc4 Nb4 13. Qd2 Bf8 14. dxe5 Nb6 15.
Nd6 Bxd6 16. exd6 N4d5 17. Rfe1 Nf6 18. Ne5 a5 19. Rad1 a4 20. e4 Be6 21. Qc3
axb3 22. axb3 Ra2 23. f4 Qa8 24. f5 Bc8 25. Ra1 Rxa1 26. Rxa1 Qb8 27. Qd4 c5
28. Qxc5 Nbd7 29. Nxd7 Nxd7 30. Qd4 Ne5 31. Qd5 Ng4 32. h3 Nf6 33. Bxf6 gxf6
34. d7 Bxd7 35. Qxd7 Rd8 36. Qe7 Rd2 37. Qxf6 Rd6 38. Qc3 Qd8 39. Kh2 Rd3 40.
Ra8 1-0

[Event "19. Open de Sants Hostafrancs 2017"]
[Site "Barcelona ESP"]
[Date "2017.08.20"]
[Round "3.27"]
[White "Kholopov, Alexander A"]
[Black "Diaz Camallonga, Carles"]
[Result "0-1"]
[WhiteElo "2306"]
[BlackElo "2437"]
[PlyCount "82"]
[EventDate "2017.08.18"]
[EventType "swiss"]
[EventRounds "10"]
[EventCountry "ESP"]
[SourceTitle "Ajedrez en Madrid"]
[Source "lmi"]
[SourceDate "2017.08.18"]

1. d4 e6 2. Bf4 Nf6 3. e3 d5 4. Nd2 c5 5. c3 Nc6 6. Ngf3 Bd6 7. Bg3 O-O 8. Bb5
Be7 9. Bd3 b6 10. Ne5 Bb7 11. Qa4 Qc8 12. Bb5 Nb8 13. O-O Ba6 14. Nc6 Nxc6 15.
Bxa6 Qd7 16. Nf3 Nxd4 17. Qxd7 Nxf3+ 18. gxf3 Nxd7 19. Bb7 Rae8 20. a4 c4 21.
Bc6 Rd8 22. a5 Nc5 23. axb6 axb6 24. Ra7 Bd6 25. Bxd6 Rxd6 26. Bb5 Rdd8 27.
Rfa1 f5 28. Kg2 Rf7 29. h4 f4 30. e4 Nd3 31. Rxf7 Kxf7 32. b3 Ne5 33. Ra7+ Kf6
34. exd5 cxb3 35. Ra3 Rxd5 36. Rxb3 Ng6 37. Kh3 Rd2 38. h5 Ne5 39. Kg2 Rd5 40.
Bf1 Nd7 41. Bc4 Rxh5 0-1

[Event "19. Open de Sants Hostafrancs 2017"]
[Site "Barcelona ESP"]
[Date "2017.08.20"]
[Round "3.28"]
[White "Rizouk, Aimen"]
[Black "Domingo Nunez, Ruben"]
[Result "1/2-1/2"]
[WhiteElo "2433"]
[BlackElo "2283"]
[PlyCount "41"]
[EventDate "2017.08.18"]
[EventType "swiss"]
[EventRounds "10"]
[EventCountry "ESP"]
[SourceTitle "Ajedrez en Madrid"]
[Source "lmi"]
[SourceDate "2017.08.18"]

1. e4 c5 2. Nf3 e6 3. d4 cxd4 4. Nxd4 Nc6 5. Nc3 Qc7 6. Be3 a6 7. Qd2 Nf6 8.
O-O-O Bb4 9. f3 Ne5 10. Nb3 b5 11. Qe1 Rb8 12. Qg3 O-O 13. Bd4 Bd6 14. Qe1 Nc4
15. Bxc4 Bf4+ 16. Nd2 bxc4 17. g3 e5 18. Be3 Bxe3 19. Qxe3 Bb7 20. Rhe1 Rfe8
21. f4 1/2-1/2

[Event "19. Open de Sants Hostafrancs 2017"]
[Site "Barcelona ESP"]
[Date "2017.08.20"]
[Round "3.29"]
[White "Boix Moreno, Daniel"]
[Black "Petrosyan, Tigran S"]
[Result "0-1"]
[WhiteElo "2300"]
[BlackElo "2430"]
[PlyCount "70"]
[EventDate "2017.08.18"]
[EventType "swiss"]
[EventRounds "10"]
[EventCountry "ESP"]
[SourceTitle "Ajedrez en Madrid"]
[Source "lmi"]
[SourceDate "2017.08.18"]

1. e4 e5 2. Nf3 Nc6 3. Bb5 a6 4. Ba4 Nf6 5. d4 exd4 6. O-O Be7 7. e5 Ne4 8.
Nxd4 Nc5 9. Nf5 O-O 10. Qg4 g6 11. Bxc6 dxc6 12. Nxe7+ Qxe7 13. Qg3 Re8 14. Re1
Bf5 15. Nc3 Ne6 16. Nd1 Nd4 17. Bf4 Nxc2 18. Ne3 Nxe3 19. Rxe3 Qc5 20. Bg5 Qd4
21. Rae1 Qg4 22. Qxg4 Bxg4 23. h3 Be6 24. a3 c5 25. f4 b5 26. g4 c4 27. Rf1 a5
28. f5 Bd5 29. Rd1 c6 30. Rde1 b4 31. R1e2 c3 32. bxc3 bxa3 33. Re1 a2 34. Ra1
Rab8 35. Ree1 Rb2 0-1

[Event "19. Open de Sants Hostafrancs 2017"]
[Site "Barcelona ESP"]
[Date "2017.08.20"]
[Round "3.30"]
[White "Cruz, Jonathan"]
[Black "Tuomainen, Felix"]
[Result "1/2-1/2"]
[WhiteElo "2424"]
[BlackElo "2175"]
[PlyCount "82"]
[EventDate "2017.08.18"]
[EventType "swiss"]
[EventRounds "10"]
[EventCountry "ESP"]
[SourceTitle "Ajedrez en Madrid"]
[Source "lmi"]
[SourceDate "2017.08.18"]

1. e4 e6 2. d4 d5 3. Nd2 c5 4. Ngf3 Nc6 5. Bb5 cxd4 6. Nxd4 Bd7 7. Nxc6 Bxc6 8.
Qe2 Nf6 9. O-O Be7 10. b3 O-O 11. e5 Nd7 12. Bxc6 bxc6 13. f4 Qb6+ 14. Kh1 c5
15. c4 d4 16. Rf3 f6 17. exf6 Bxf6 18. Ne4 a5 19. a4 g6 20. Bd2 Bg7 21. Raf1 e5
22. fxe5 Nxe5 23. Rxf8+ Rxf8 24. Rxf8+ Kxf8 25. Qd1 Kg8 26. h3 Qc6 27. Qe2 Qb6
28. Bg5 h6 29. Be7 d3 30. Qd1 Qc7 31. Qe1 Qb7 32. Bh4 Qxb3 33. Nf6+ Bxf6 34.
Bxf6 Qb2 35. Qe4 Qa1+ 36. Kh2 Ng4+ 37. hxg4 Qxf6 38. Qxd3 Qf4+ 39. Kh3 Kg7 40.
Qd7+ Qf7 41. Qb5 Qc7 1/2-1/2

[Event "19. Open de Sants Hostafrancs 2017"]
[Site "Barcelona ESP"]
[Date "2017.08.20"]
[Round "3.31"]
[White "Matta, Vinay Kumar"]
[Black "Lorenzo De La Riva, Lazaro"]
[Result "0-1"]
[WhiteElo "2293"]
[BlackElo "2415"]
[PlyCount "88"]
[EventDate "2017.08.18"]
[EventType "swiss"]
[EventRounds "10"]
[EventCountry "ESP"]
[SourceTitle "Ajedrez en Madrid"]
[Source "lmi"]
[SourceDate "2017.08.18"]

1. e4 c5 2. Nf3 Nc6 3. d4 cxd4 4. Nxd4 g6 5. Nc3 Bg7 6. Be3 Nf6 7. Qd2 Ng4 8.
Nxc6 dxc6 9. Qxd8+ Kxd8 10. Rd1+ Ke8 11. Bd4 Bxd4 12. Rxd4 e5 13. Rd2 Be6 14.
Be2 Ke7 15. O-O Rhd8 16. Rfd1 Rxd2 17. Rxd2 b5 18. b3 Nf6 19. f3 Ne8 20. Kf2
Nd6 21. Rd1 a5 22. a4 b4 23. Nb1 f5 24. Nd2 Rf8 25. Ke3 f4+ 26. Kf2 g5 27. Bc4
Bc8 28. Be2 h5 29. Nc4 Nxc4 30. Bxc4 g4 31. Rd3 h4 32. fxg4 Bxg4 33. h3 Bh5 34.
c3 bxc3 35. Rxc3 Rd8 36. Rc2 Bg6 37. Be2 Bxe4 38. Rc5 Kf6 39. Bf3 Bd5 40. Bxd5
cxd5 41. Rxa5 d4 42. Ke2 d3+ 43. Kd2 e4 44. Ra6+ Ke5 0-1

[Event "19. Open de Sants Hostafrancs 2017"]
[Site "Barcelona ESP"]
[Date "2017.08.20"]
[Round "3.32"]
[White "Martinez Pla, Xavier"]
[Black "Garriga Cazorla, Pere"]
[Result "0-1"]
[WhiteElo "2166"]
[BlackElo "2405"]
[PlyCount "68"]
[EventDate "2017.08.18"]
[EventType "swiss"]
[EventRounds "10"]
[EventCountry "ESP"]
[SourceTitle "Ajedrez en Madrid"]
[Source "lmi"]
[SourceDate "2017.08.18"]

1. e4 c5 2. Nf3 Nc6 3. d4 cxd4 4. Nxd4 Qb6 5. Nb3 Nf6 6. Nc3 e6 7. Bd3 Qc7 8.
f4 d6 9. Be3 a6 10. Qf3 h5 11. O-O-O Bd7 12. Kb1 Rc8 13. g3 Nb4 14. h3 b5 15.
Rhe1 Bc6 16. g4 Nxd3 17. cxd3 b4 18. Ne2 d5 19. e5 d4 20. Qg3 dxe3 21. exf6
hxg4 22. hxg4 gxf6 23. Qxe3 Bd5 24. Rc1 Qb8 25. Rxc8+ Qxc8 26. Qd4 Qd8 27. Qe3
a5 28. f5 a4 29. Nbd4 Bh6 30. Qg3 e5 31. Nf3 Kf8 32. Ka1 a3 33. bxa3 bxa3 34.
Qf2 Qc7 0-1

[Event "19. Open de Sants Hostafrancs 2017"]
[Site "Barcelona ESP"]
[Date "2017.08.20"]
[Round "3.33"]
[White "Paquico Rodriguez, Ivan"]
[Black "Souleidis, Georgios"]
[Result "1/2-1/2"]
[WhiteElo "2156"]
[BlackElo "2397"]
[PlyCount "40"]
[EventDate "2017.08.18"]
[EventType "swiss"]
[EventRounds "10"]
[EventCountry "ESP"]
[SourceTitle "Ajedrez en Madrid"]
[Source "lmi"]
[SourceDate "2017.08.18"]

1. d4 d5 2. c4 e6 3. Nc3 a6 4. e3 dxc4 5. Bxc4 b5 6. Be2 Bb7 7. Bf3 Bxf3 8.
Nxf3 Nf6 9. O-O c5 10. b3 Nc6 11. Ne2 cxd4 12. Nexd4 Nxd4 13. Qxd4 Qxd4 14.
Nxd4 Bd6 15. Bb2 Rc8 16. Rac1 Kd7 17. Rfd1 Rxc1 18. Rxc1 Rc8 19. Rxc8 Kxc8 20.
Nf3 Kd7 1/2-1/2

[Event "19. Open de Sants Hostafrancs 2017"]
[Site "Barcelona ESP"]
[Date "2017.08.20"]
[Round "3.34"]
[White "Agdestein, Simen"]
[Black "Fernandez Diaz, Cristian"]
[Result "1-0"]
[WhiteElo "2604"]
[BlackElo "2153"]
[PlyCount "69"]
[EventDate "2017.08.18"]
[EventType "swiss"]
[EventRounds "10"]
[EventCountry "ESP"]
[SourceTitle "Ajedrez en Madrid"]
[Source "lmi"]
[SourceDate "2017.08.18"]

1. d4 Nf6 2. Nf3 g6 3. Nc3 Bg7 4. e4 d6 5. Be2 O-O 6. O-O c6 7. h3 Qc7 8. Bg5
Nbd7 9. Qd2 e5 10. Bh6 Re8 11. Bxg7 Kxg7 12. a4 Nf8 13. Rfe1 Ne6 14. Bf1 Qa5
15. Rad1 Bd7 16. dxe5 dxe5 17. Qd6 Nc5 18. Nxe5 Be6 19. Nd3 Nxd3 20. Qxd3 Qb4
21. b3 a5 22. Qe3 Rad8 23. f4 Kg8 24. Rxd8 Rxd8 25. f5 Bc8 26. Bc4 Re8 27. fxg6
hxg6 28. e5 Nh7 29. Ne4 Be6 30. Nd6 Re7 31. c3 Qa3 32. Bxe6 Rxe6 33. Nxb7 Re7
34. Nxa5 Re6 35. Nb7 1-0